Alterations and refurbishment price book (Record no. 115816)

MARC details
000 -LEADER
fixed length control field 01286cam a22002655a 4500
001 - CONTROL NUMBER
control field L159097
008 - FIXED-LENGTH DATA ELEMENTS--GENERAL INFORMATION
fixed length control field 110927s2016 xxk f 001 0 eng d
020 ## - INTERNATIONAL STANDARD BOOK NUMBER
International Standard Book Number 9781783211586
035 ## - SYSTEM CONTROL NUMBER
System control number (Sirsi) u159338
041 0# - LANGUAGE CODE
Language code of text/sound track or separate title eng
050 04 - LIBRARY OF CONGRESS CALL NUMBER
Classification number 692.5 $2 18
110 2# - MAIN ENTRY--CORPORATE NAME
Corporate name or jurisdiction name as entry element Building Cost Information Service
9 (RLIN) 1096
245 00 - TITLE STATEMENT
Title Alterations and refurbishment price book
Remainder of title Maintenance and operating costs
-- 2017
250 ## - EDITION STATEMENT
Edition statement 22th ed.
260 ## - PUBLICATION, DISTRIBUTION, ETC.
Place of publication, distribution, etc. BCIS
Date of publication, distribution, etc. 2016
300 ## - PHYSICAL DESCRIPTION
Extent 1
Type of unit v.
Dimensions 30 cm.
520 ## - SUMMARY, ETC.
Summary, etc. Focuses on small to medium sized projects, generally working within an existing building and reflecting the increase in costs brought about the reduction in output, smaller discounts, increased carriage, increased supervision, and less productivity brought about by smaller economies of scale, increased production costs, more difficult access and the possibility of working in occupied premises. New items for 2017 minor repair and replacements to sanitary ware, minor repair and replacements to plumbing installations and an expanded range of floor finishes items and waterproof membranes items.
520 ## - SUMMARY, ETC.
Summary, etc. Supersedes 21th ed.
521 ## - TARGET AUDIENCE NOTE
Target audience note Advanced
590 ## - LOCAL NOTE (RLIN)
Local note KA
651 #4 - SUBJECT ADDED ENTRY--GEOGRAPHIC NAME
Geographic name United Kingdom
Chronological subdivision
690 ## - LOCAL SUBJECT ADDED ENTRY--TOPICAL TERM (OCLC, RLIN)
Topical term or geographic name as entry element BUILT ENVIRONMENT-BUILDING COSTS
942 ## - ADDED ENTRY ELEMENTS (KOHA)
Suppress in OPAC 0
Holdings
Withdrawn status Lost status Source of classification or shelving scheme Damaged status Not for loan Home library Current library Shelving location Date acquired Total Checkouts Full call number Barcode Date last seen Copy number Price effective from Koha item type
    Dewey Decimal Classification     Archives Archives Archive copy 06/09/2016   RICS 2016/7 30078311 06/08/2019 1 06/08/2019 Book
    Dewey Decimal Classification     London London Basement 06/09/2016   BASEMENT 30078307 06/08/2019 2 06/08/2019 Book